Personnages de Vampire Diaries - Mort Subite - Statistiques

Statistiques générales
  • Ce quiz a été pris 1 823 fois
    1 810 depuis la dernière actualisation
  • Le résultat moyen est 8 sur 10
Answers on the Grid
Answers color-coded by a green-red scale on the quiz's grid according to % correct below.
Damon Salvatore
Elena Gilbert
Bonnie Bennett
Caroline Forbes
Alaric Saltzman
Matt Donovan
Tyler Lockwood
Elijah Mikaelson
Jenna Sommers
April Kepner
Enzo Saint John
Nathaniel Archibald
Georgina Sparks
Lawrence Kutner
Susan Lewis
Carter Baizen
Hanna Marin
Julian Baker
Floyd Reynolds
Marvin McFadden
Rachel Gatina
Claire Browne
Conrad Hawkins
Ian Sullivan
Eleanor O'Hara
Chris Keller
Bernard Prince
Cruz Manuelos
 
Statistiques - réponses
Réponse % Correct
Elena Gilbert
82%
Damon Salvatore
81%
Elijah Mikaelson
81%
Tyler Lockwood
81%
Bonnie Bennett
80%
Matt Donovan
80%
Alaric Saltzman
79%
Caroline Forbes
79%
Enzo Saint John
72%
Jenna Sommers
72%
Aucun quiz correspondant
Distribution des résultats
% des personnes avec chaque résultat
Percentile par nombre de réponses
Votre historique - résultats
Vous n’avez pas pris ce quiz depuis la dernière actualisation